000 00569nam a2200229Ia 4500
003 OSt
005 20220924141402.0
006 a|||||r|||| 00| 0
007 ta
008 220923b |||||||| |||| 00| 0 ben d
024 _a298124
037 _cTextual
040 _aARTS
_cARTS
_bben
041 _2ben
_aben
082 _aO157,4M61a, M4
100 _aSaha
245 0 _aRabindra - patraboil
_b Tath wa panji
260 _c1984
650 _aBENGALI LITERATURE
942 _hO157,4M61a, M4
_cTEXL
_2CC
999 _c447152
_d447152